Bóng bàn : Sách giáo khoa dùng cho sinh viên các trường đại học thể dục thể thao

Sách nêu lịch sử và quá trình phát triển môn bóng bàn, nguyên lý chung về đánh bóng, kỹ thuật bóng bàn, chiến thuật, đánh đôi, giảng dạy, huấn luyện, tuyển chọn vận động viên bóng bàn, tổ chức thi đấu và trọng tài bóng bàn....

Descripción completa

Guardado en:
Detalles Bibliográficos
Autor principal: Nguyễn, Danh Thái
Formato: Libro
Lenguaje:Undetermined
Publicado: Hà Nội Thể dục Thể thao 1999
Materias:
Etiquetas: Agregar Etiqueta
Sin Etiquetas, Sea el primero en etiquetar este registro!
Thư viện lưu trữ: Trung tâm Học liệu Trường Đại học Cần Thơ
LEADER 01013nam a2200205Ia 4500
001 CTU_239168
008 210402s9999 xx 000 0 und d
082 |a 796.346 
082 |b Th103 
100 |a Nguyễn, Danh Thái 
245 0 |a Bóng bàn : 
245 0 |b Sách giáo khoa dùng cho sinh viên các trường đại học thể dục thể thao 
245 0 |c Nguyễn Danh Thái, Vũ Thành Sơn (chủ biên) 
260 |a Hà Nội 
260 |b Thể dục Thể thao 
260 |c 1999 
520 |a Sách nêu lịch sử và quá trình phát triển môn bóng bàn, nguyên lý chung về đánh bóng, kỹ thuật bóng bàn, chiến thuật, đánh đôi, giảng dạy, huấn luyện, tuyển chọn vận động viên bóng bàn, tổ chức thi đấu và trọng tài bóng bàn. 
650 |a Bóng bàn,Table tennis 
910 |b vtbtruc 
980 |a Trung tâm Học liệu Trường Đại học Cần Thơ